[Event "RSA-ch Seniors"]
[Site "Cape Town"]
[Date "2024.03.30"]
[Round "7"]
[White "Metcalfe, Allister"]
[Black "Danisa, Cyril T"]
[Result "1-0"]
[WhiteElo "1863"]
[BlackElo "1852"]
[PlyCount "69"]
[EventDate "2024.03.25"]
[EventType "tourn"]
[EventRounds "11"]
[EventCountry "RSA"]
[SourceTitle "CB14_2024"]
[SourceDate "2024.04.01"]
[SourceVersion "1"]
[SourceVersionDate "2024.04.01"]
[SourceQuality "1"]

1. c4 Nf6 2. Nc3 e6 3. e4 d5 4. cxd5 exd5 5. exd5 Nxd5 6. Bc4 Nb6 7. Bb3 Be7 8. Nf3 0-0 9. d4 c6 10. 0-0 Bg4 11. Be3 Bf6 12. h3 Bh5 13. g4 Bg6 14. Ne5 Bxe5 15. dxe5 Bd3 16. Re1 Nc4 17. Bc5 Re8 18. Bd6 Nxd6 19. Qxd3 Nc8 20. Qf3 Qe7 21. Ne4 Na6 22. Rad1 Rf8 23. Qf5 Nb6 24. Ng5 g6 25. Qf4 Nc5 26. Nf3 Nxb3 27. Qh6 f5 28. axb3 fxg4 29. Ng5 Rad8 30. Rxd8 Rxd8 31. hxg4 Nd5 32. e6 Nf6 33. f3 Rd2 34. Nxh7 Rxb2 35. Qxg6+ 1-0

[Event "FICGS no engines 00 email"]
[Site "FICGS email"]
[Date "2008.03.08"]
[Round "1"]
[White "Metcalfe, Allister"]
[Black "Bakk, Zoltan"]
[Result "1-0"]
[WhiteElo "1800"]
[BlackElo "2016"]
[PlyCount "21"]
[EventDate "2008.??.??"]
[EventType "swiss (corr)"]
[EventRounds "1"]
[SourceTitle "Corr 2022"]
[Source "ChessBase"]
[SourceDate "2021.10.24"]
[SourceVersion "1"]
[SourceVersionDate "2021.10.24"]
[SourceQuality "1"]

1. e4 d6 2. d4 Nf6 3. Nc3 e5 4. dxe5 dxe5 5. Qxd8+ Kxd8 6. Nf3 Bd6 7. Bc4 Be6 8. Bxe6 fxe6 9. Bg5 Ke7 10. Bh4 Nc6 11. 0-0-0 1-0

[Event "FICGS no engines 00 email"]
[Site "FICGS email"]
[Date "2008.03.08"]
[Round "1"]
[White "Metcalfe, Allister"]
[Black "Hess, Volker"]
[Result "1-0"]
[WhiteElo "1800"]
[BlackElo "1291"]
[PlyCount "51"]
[EventDate "2008.??.??"]
[EventType "swiss (corr)"]
[EventRounds "1"]
[SourceTitle "Corr 2022"]
[Source "ChessBase"]
[SourceDate "2021.10.24"]
[SourceVersion "1"]
[SourceVersionDate "2021.10.24"]
[SourceQuality "1"]

1. c4 Nf6 2. Nc3 d6 3. g3 e5 4. Bg2 Be7 5. Nf3 0-0 6. 0-0 Nc6 7. d4 exd4 8. Nxd4 Nxd4 9. Qxd4 c6 10. Rd1 Bf5 11. e4 Bg6 12. Bg5 Ne8 13. Bxe7 Qxe7 14. c5 dxc5 15. Qd7 Qxd7 16. Rxd7 b5 17. e5 a5 18. Bxc6 Rb8 19. Bxb5 Rxb5 20. Nxb5 Bf5 21. Ra7 f6 22. Nd6 fxe5 23. Nxf5 g6 24. Nh6+ Kh8 25. Rc1 Nf6 26. Rxc5 1-0

[Event "FICGS no engines 00 email"]
[Site "FICGS email"]
[Date "2008.03.08"]
[Round "1"]
[White "Metcalfe, Allister"]
[Black "Inving, Yugi"]
[Result "0-1"]
[WhiteElo "1800"]
[BlackElo "1280"]
[PlyCount "78"]
[EventDate "2008.??.??"]
[EventType "swiss (corr)"]
[EventRounds "1"]
[SourceTitle "Corr 2022"]
[Source "ChessBase"]
[SourceDate "2021.10.24"]
[SourceVersion "1"]
[SourceVersionDate "2021.10.24"]
[SourceQuality "1"]

1. e4 c5 2. Nf3 Nc6 3. d4 cxd4 4. Nxd4 Nf6 5. Nc3 Qb6 6. Nb3 e6 7. Be3 Qc7 8. Be2 Bb4 9. f3 0-0 10. 0-0 d5 11. exd5 Nxd5 12. Nxd5 exd5 13. c3 Bd6 14. f4 Re8 15. Bd4 Nxd4 16. Nxd4 Bxf4 17. Nf3 Bg4 18. Qc2 Bxh2+ 19. Kh1 Bf4 20. Ng5 Rxe2 21. Qxh7+ Kf8 22. Qh8+ Ke7 23. Qxg7 Be6 24. Rae1 Qe5 25. Qxe5 Rxe5 26. Rxe5 Bxe5 27. Nf3 Rh8+ 28. Kg1 Bd6 29. Nd4 a6 30. Re1 Kf6 31. Kf2 Bg4 32. b4 Bd7 33. Nf3 Bf5 34. Nd4 Be4 35. a4 Rc8 36. Re3 Rg8 37. Nf3 Bf4 38. Re2 Bd3 39. Re1 Bg3+ 0-1